| 000 | 00000nam 2200000za 4500 |
| 001 | 9.676611 |
| 003 | CaOODSP |
| 005 | 20250114091148 |
| 007 | cr ||||||||||| |
| 008 | 150407|2011||||xxc|||||o f|0| 0 ita d |
| 040 | |aCaOODSP|beng |
| 043 | |an-cn--- |
| 086 | 1 |aA15-11516/2011Ita-PDF|zA15-11516/2011T-PDF |
| 110 | 1 |aCanada. |bAgriculture and Agri-Food Canada. |
| 245 | 10|a[Canadian cranberries : |h[electronic resource]|ba tart treasure]. |
| 246 | 3 |aIl mirtillo rosso canadese: un tesoro acidulo |
| 250 | |a[Italian edition]. |
| 260 | |aOttawa - Ontario : |bAgriculture and Agri-Food Canada |c[2011]. |
| 300 | |a2p. |
| 500 | |aIssued also in English under title: Canadian cranberries: a tart treasure. |
| 546 | |aText in Italian. |
| 590 | |a13-10-Supp|b2013-04-13 |
| 690 | 07|aAgri-food industry|2gcpds |
| 775 | 08|tCanadian cranberries : |w(CaOODSP)9.695117 |
| 792 | |t[Canneberge canadienne : |efre|w(CaOODSP)9.676612 |
| 856 | 40|ahttp://publications.gc.ca|qPDF|s600 KB|uhttps://publications.gc.ca/collections/collection_2013/aac-aafc/A15-11516-2011-ita.pdf |